Địa lý hình thể nhập môn
Salvato in:
| Autore principale: | |
|---|---|
| Natura: | Libro |
| Lingua: | Undetermined |
| Pubblicazione: |
Sài gòn
Lửa thiêng
1974
|
| Soggetti: | |
| Tags: |
Aggiungi Tag
Nessun Tag, puoi essere il primo ad aggiungerne! !
|
| Thư viện lưu trữ: | Trung tâm Học liệu Trường Đại học Cần Thơ |
|---|
| LEADER | 00458nam a2200169Ia 4500 | ||
|---|---|---|---|
| 001 | CTU_10198 | ||
| 008 | 210402s9999 xx 000 0 und d | ||
| 082 | |a 910.02 | ||
| 082 | |b S107 | ||
| 100 | |a Liêu Kim Sanh | ||
| 245 | 0 | |a Địa lý hình thể nhập môn | |
| 245 | 0 | |c Liêu Kim Sanh | |
| 260 | |a Sài gòn | ||
| 260 | |b Lửa thiêng | ||
| 260 | |c 1974 | ||
| 650 | |a geography | ||
| 980 | |a Trung tâm Học liệu Trường Đại học Cần Thơ | ||